An option worth considering (Record no. 78948)
[ view plain ]
| 000 -LEADER | |
|---|---|
| fixed length control field | 00894cab a22002055a 4500 |
| 001 - CONTROL NUMBER | |
| control field | L138654 |
| 008 - FIXED-LENGTH DATA ELEMENTS--GENERAL INFORMATION | |
| fixed length control field | 070629e20070623xxk f 000 0 eng d |
| 035 ## - SYSTEM CONTROL NUMBER | |
| System control number | (Sirsi) u138654 |
| 041 0# - LANGUAGE CODE | |
| Language code of text/sound track or separate title | eng |
| 100 1# - MAIN ENTRY--PERSONAL NAME | |
| Personal name | Morley, Stuart |
| 245 03 - TITLE STATEMENT | |
| Title | An option worth considering |
| 260 ## - PUBLICATION, DISTRIBUTION, ETC. | |
| Date of publication, distribution, etc. | 2007 |
| 490 ## - SERIES STATEMENT | |
| Series statement | Estates Gazette |
| Volume/sequential designation | (0725) 23 June 2007, 178-179(2) |
| 520 ## - SUMMARY, ETC. | |
| Summary, etc. | This two part Mainly for Students article is based on interviews carries out by GVA Grimley and Northumbria University with 30 office occupiers and developers involved in UK prelet agreements. The second part considers the advantages and disadvantages of entering into a preletting agreement from the point of view of the occupier and shows how developers also benefit. (See L138486 ? Pt 1) |
| 590 ## - LOCAL NOTE (RLIN) | |
| Local note | KA |
| 651 #4 - SUBJECT ADDED ENTRY--GEOGRAPHIC NAME | |
| Geographic name | United Kingdom |
| Chronological subdivision | |
| 690 ## - LOCAL SUBJECT ADDED ENTRY--TOPICAL TERM (OCLC, RLIN) | |
| Topical term or geographic name as entry element | PROPERTY-PROPERTY DEVELOPMENT |
| 700 1# - ADDED ENTRY--PERSONAL NAME | |
| Personal name | Fisher, Peter |
| 942 ## - ADDED ENTRY ELEMENTS (KOHA) | |
| Suppress in OPAC | 0 |
| Withdrawn status | Lost status | Source of classification or shelving scheme | Damaged status | Not for loan | Home library | Current library | Shelving location | Date acquired | Total Checkouts | Full call number | Barcode | Date last seen | Copy number | Price effective from | Koha item type |
|---|---|---|---|---|---|---|---|---|---|---|---|---|---|---|---|
| Dewey Decimal Classification | London | London | Journal article | 29/06/2007 | L138654 | 138654-1001 | 06/08/2019 | 1 | 06/08/2019 | Journal article |